000 00256nam a22001217a 4500
041 _aENG
100 _aKaviany M
245 _aEssentials Of Heat Transfer
260 _aDelhi
_bCambridge
_c2011
300 _a722
650 _aEOES
856 _uEOES ( 11 )
999 _c1154
_d1154